| 000 | 00842nam a2200253 a 4500 | ||
|---|---|---|---|
| 001 | adlib96000001 | ||
| 003 | ViArRB | ||
| 005 | 200902210153555.7 | ||
| 008 | 960221s1955 dcuabcdjdbkoqu001 0deng d | ||
| 020 | _a | ||
| 022 | _a | ||
| 040 | _aAdlib | ||
| 082 | _a347.79(410)(047) | ||
| 245 | _aReport of Cases Relating to Maritime Law: Containg all the Decitions of the Courts of Law and Equity in the United Kingdom and Selections in the Colonies and the United States | ||
| 250 | _a | ||
| 260 |
_aLondon _bHorace Cox _c1873 |
||
| 300 |
_a _c |
||
| 500 | _a | ||
| 100 |
_aAspinall, P. James _eeditor |
||
| 700 |
_a _a |
||
| 942 | _cREF | ||
| 653 | _aReport of Cases Relating to Maritime Law | ||
| 952 |
_w2010-06-16 _p00035971 _r2010-06-16 _40 _00 _bUL _10 _o347.79(410)(047) ASP. 16 R _d2010-06-16 _70 _yREF _aUL |
||
| 999 |
_c36133 _d36132 |
||